創業五十五年報告書

Đã lưu trong:
Sonraí Bibleagrafaíochta
Údar Corparáideach: NTN東洋ベアリング株式会社
Formáid: Leabhar
Teanga:Undetermined
Foilsithe: 大阪 NTN東洋ベアリング株式会社 1973
Ábhair:
Clibeanna: Cuir Clib Leis
Gan Chlibeanna, Bí ar an gcéad duine leis an taifead seo a chlibeáil!
Thư viện lưu trữ: Trung tâm Học liệu Trường Đại học Cần Thơ
LEADER 00564nam a2200193Ia 4500
001 CTU_94119
008 210402s9999 xx 000 0 und d
082 |a 338.8 
082 |b N962 
110 |a NTN東洋ベアリング株式会社 
245 0 |a 創業五十五年報告書 
245 0 |c NTN東洋ベアリング株式会社 
260 |a 大阪 
260 |b NTN東洋ベアリング株式会社 
260 |c 1973 
650 |a Corporations 
650 |x Japan 
904 |i Ngoc 
980 |a Trung tâm Học liệu Trường Đại học Cần Thơ